<?xml version="1.0" encoding="UTF-8"?>
<record
    xmlns:xsi="http://www.w3.org/2001/XMLSchema-instance"
    xsi:schemaLocation="http://www.loc.gov/MARC21/slim http://www.loc.gov/standards/marcxml/schema/MARC21slim.xsd"
    xmlns="http://www.loc.gov/MARC21/slim">

  <leader>00354    a2200109   4500</leader>
  <controlfield tag="001">ART_18458</controlfield>
  <controlfield tag="005">20260410161919.0</controlfield>
  <controlfield tag="008">260409a                                 </controlfield>
  <datafield tag="245" ind1="1" ind2="0">
    <subfield code="a">Las boletas de dep&#xF3;sitos de anticipos como declaraci&#xF3;n jurada</subfield>
  </datafield>
  <datafield tag="100" ind1="1" ind2=" ">
    <subfield code="a">Tarantino, Jacinto R.</subfield>
  </datafield>
  <datafield tag="773" ind1="0" ind2=" ">
    <subfield code="t">La informaci&#xF3;n</subfield>
    <subfield code="g">- Tomo XXXIV, N&#xBA; 562 (oct. 1976)</subfield>
    <subfield code="w">REV14902</subfield>
  </datafield>
  <datafield tag="999" ind1=" " ind2=" ">
    <subfield code="c">27557</subfield>
    <subfield code="d">27557</subfield>
  </datafield>
</record>
